Movies Quiz

Random Movies Quiz

100 Greatest Sci-Fi Movies Quiz Stats

 Plays Quiz not verified by Sporcle

Challenge
Share
Tweet
Embed
Score 0/100 Timer 15:00
0 Plays Today
Year And Starring Film % Correct
#4 - Mark Hamill (1977)Star Wars
99%
#13 - Sigourney Weaver (1979)Alien
96.5%
#2 - Mark Hamill (1980)The Empire Strikes Back
96.1%
#17 - Arnold Schwarzenegger (1984)The Terminator
95.2%
#22 - Mark Hamill (1983)Return Of The Jedi
93.1%
#32 - Sigourney Weaver (1986)Aliens
92.9%
#15 - Michael J. Fox (1985)Back To The Future
92.8%
#8 - Harrison Ford (1982)Blade Runner
91.7%
#20 - Arnold Schwarzenegger (1991)Terminator 2: Judgment Day
91.7%
#1 - Keir Dullea (1968)2001: A Space Odyssey
90.8%
#21 - Christopher Reeve (1978)Superman
89.9%
#73 - Keanu Reeves (1999)The Matrix
89.8%
#7 - Charlton Heston (1968)Planet Of The Apes
88.8%
#40 - William Shatner (1982)Star Trek II: The Wrath Of Khan
85.7%
#35 - Mel Gibson (1979)Mad Max
85.4%
#12 - Sam Neill (1993)Jurassic Park
84.7%
#18 - Mel Gibson (1981)The Road Warrior
83.8%
#11 - Malcolm McDowell (1971)A Clockwork Orange
83%
#5 - Henry Thomas (1982)E.T: The Extra-Terrestrial
81.7%
#9 - Richard Dreyfuss (1977)Close Encounters Of The Third Kind
81.7%
#71 - Jeff Goldblum (1986)The Fly
80.4%
#55 - Christopher Reeve (1980)Superman II
80.2%
#37 - Bill Murray (1984)Ghostbusters
79.5%
#54 - Arnold Schwarzenegger (1990)Total Recall
78.4%
#3 - Alfred Abel (1927)Metropolis
78.3%
#10 - Boris Karloff (1931)Frankenstein
78.1%
#6 - Michael Rennie (1951)The Day The Earth Stood Still
77.6%
#70 - Will Smith (1997)Men In Black
76.8%
#53 - William Shatner (1986)Star Trek IV: The Voyage Home
75.4%
#47 - Tom Cruise (2002)Minority Report
74.8%
#59 - Arnold Schwarzenegger (1987)Predator
73.3%
#31 - Sam Worthington (2009)Avatar
72.5%
#80 - Hayden Christiansen (2005)Revenge Of The Sith
72%
#67 - Kurt Russell (1982)The Thing
71.3%
Year And Starring Film % Correct
#50 - Kurt Russell (1981)Escape From New York
71.3%
#27 - Peter Weller (1987)Robocop
70.4%
#87 - Hugh Jackman (2000)X-Men
69.9%
#63 - Jake Gyllenhaal (2001)Donnie Darko
69.5%
#81 - Bruce Willis (1997)The Fifth Element
68.1%
#62 - Bruce Willis (1995)Twelve Monkeys
66.7%
#16 - Kevin McCarthy (1956)Invasion Of The Body Snatchers
64%
#39 - Clive Owen (2006)Children Of Men
63.4%
#66 - Rick Moranis (1989)Honey, I Shrunk The Kids
62.9%
#28 - Jonathan Pryce (1985)Brazil
62.4%
#25 - Boris Karloff (1935)Bride Of Frankenstein
61.4%
#14 - Gene Barry (1953)The War Of The Worlds
61.4%
#85 - Charlton Heston (1973)Soylent Green
61.3%
#95 - Sam Rockwell (2009)Moon
59.5%
#42 - Sharlto Copley (2009)District 9
56.7%
#69 - Nathan Fillion (2005)Serenity
55.1%
#86 - Ethan Hawke (1997)Gattaca
54.9%
#88 - Jane Fonda (1968)Barbarella
54.9%
#97 - Jeff Bridges (1982)Tron
54.9%
#46 - Yul Brynner (1973)Westworld
54.7%
#60 - David Bowie (1976)The Man Who Fell To Earth
54.4%
#19 - Leslie Nielsen (1956)Forbidden Planet
54%
#93 - Casper Von Dien (1997)Starship Troopers
52.8%
#89 - Jeff Bridges (1984)Starman
52.7%
#77 - Michael York (1976)Logan's Run
51.5%
#26 - Ben Burtt (2008)Wall-E
50.8%
#52 - Ed Harris (1989)The Abyss
50.6%
#82 - Mel Gibson (1985)Mad Max Beyond Thunderdome
49.3%
#43 - Woody Allen (1973)Sleeper
47.8%
#24 - Natalya Bondarchuk (1972)Solaris
47.2%
#38 - Claude Rains (1933)The Invisible Man
45%
#56 - Steve Gutenberg (1985)Cocoon
44.8%
#36 - Haruo Nakajima (1954)Godzilla
44.2%
#100 - Charlton Heston (1971)Omega Man
42.5%
Year And Starring Film % Correct
#29 - Mitsuo Iwata (1988)Akira
41.8%
#84 - Patrick Stewart (1996)Star Trek: First Contact
41%
#96 - Bill Pullman (1987)Spaceballs
39.8%
#64 - Emilio Estevez (1984)Repo Man
39.6%
#75 - Martin Freeman (2005)The Hitchhikers Guide To The Galaxy
39.2%
#99 - Dennis Quaid (1987)Innerspace
38.1%
#78 - Bruce Dern (1971)Silent Running
37.6%
#94 - John Hurt (1984)1984
37.2%
#49 - Robert Duvall (1971)THX 1138
34.9%
#74 - Rod Taylor (1960)The Time Machine
34.8%
#34 - James Arness (1954)Them!
33.7%
#76 - Keanu Reeves (2006)A Scanner Darkly
33%
#79 - John Cleese (1981)Time Bandits
32.1%
#58 - Don Johnson (1975)A Boy And His Dog
26.6%
#61 - Oskar Werner (1967)Fahrenheit 451
26.2%
#83 - Max Von Sydow (1980)Flash Gordon
25.5%
#23 - Kirk Douglas (1953)20000 Leagues Under The Sea
25.2%
#98 - Dennis Quaid (1985)Enemy Mine
24.6%
#45 - Stephen Boyd (1966)Fantastic Voyage
24.3%
#90 - James Caan (1988)Alien Nation
23.8%
#65 - Richard Carlson (1953)It Came From Outer Space
23%
#57 - Kenneth Tobey (1951)The Thing From Another World
22.9%
#44 - Atsuko Tanaka (1995)Ghost In The Shell
22.3%
#91 - Lance Guest (1984)The Last Starfighter
21.2%
#92 - Ethan Hawke (1985)Explorers
18.1%
#30 - Raymond Massey (1936)Things To Come
17.3%
#68 - Arthur Franz (1953)Invaders From Mars
14.9%
#33 - Gregory Peck (1969)Marooned
13.5%
#72 - Hugh Marlowe (1956)Earth Vs. The Flying Saucers
13%
#48 - Paul Mantee (1964)Robinson Crusoe On Mars
9.9%
#51 - Ann Carlisle (1982)Liquid Sky
6.1%
#41 - Robert Clarke (1951)The Man From Planet X
5.6%

You're not logged in!

Compare scores with friends on all Sporcle quizzes.
OR
Log In

You Might Also Like...

Show Comments

Extras

Top Quizzes Today


Score Distribution

Your Account Isn't Verified!

In order to create a playlist on Sporcle, you need to verify the email address you used during registration. Go to your Sporcle Settings to finish the process.

Report this User

Report this user for behavior that violates our Community Guidelines.

Details: